000 00631nam a2200217 a 4500
001 73832
003 BD-RjUL
005 20211209082442.0
008 170612s1957 e a|||| |||| 001 0 eng d
035 _a(BD-RjUL)74050
040 _aBD-RjUL
_beng
_cBD-RjUL
_dBD-RjUL
041 _aeng
082 _223
_a621.3815282
_bMII 1957
100 _aMiddlebrook, R.D.
_9218624
245 _aAn Introducton to Junction Transistor Theory /
_cR.D.Middlebrook
260 _aNew York :
_bJohn Wiley,
_cc1957.
300 _axxiv, 296 p. :
_bill. ;
_c22cm.
500 _aIncludes Index.
650 _aJunction transistor
_9218625
942 _2ddc
_cBK
999 _c73832
_d73832